Essentials of Dental Anatomy & Oral Histology/ (Record no. 35153)

MARC details
000 -LEADER
fixed length control field 00480nam a22001817a 4500
005 - DATE AND TIME OF LATEST TRANSACTION
control field 20240216192053.0
008 - FIXED-LENGTH DATA ELEMENTS--GENERAL INFORMATION
fixed length control field 240216b |||||||| |||| 00| 0 eng d
020 ## - INTERNATIONAL STANDARD BOOK NUMBER
ISBN 9789351521068:
082 ## - DEWEY DECIMAL CLASSIFICATION NUMBER
Classification number 617.6
Item number CHA-E
100 ## - MAIN ENTRY--AUTHOR
Author Name Chatterjee,Kabita
245 ## - TITLE STATEMENT
Title Essentials of Dental Anatomy & Oral Histology/
250 ## - EDITION STATEMENT
Edition statement 2nd ed.
260 ## - PUBLICATION, DISTRIBUTION, ETC.
Place of Publication India:
Name of publisher, distributor, etc. Elsevier,
Date of publication, distribution, etc. 2014.
300 ## - PHYSICAL DESCRIPTION
Pages 276 p:
500 ## - GENERAL NOTE
General note Include Index.
650 ## - SUBJECT ADDED ENTRY--TOPICAL TERM
Subject / Department Medical/Dentistry
300 ## - PHYSICAL DESCRIPTION
-- ill,
-- 23 cm.
952 ## - LOCATION AND ITEM INFORMATION (KOHA)
-- 0
-- 0
952 ## - LOCATION AND ITEM INFORMATION (KOHA)
-- 0
-- 0
Holdings
Lost status Damaged status Collection code Permanent Location Current Location Shelving Location Date acquired Full Call Number Accession No./Barcode Date last seen Copy number item type Koha item type
    Medical Superior Information Resource Center (SIRC) Superior University- Central Library Superior Information Resource Center (SIRC) Superior University- Central Library Dentistry 02/16/2024 617.6 KAB-E 2014 13340 02/16/2024 1 BOOK BOOK
    Medical Superior Information Resource Center (SIRC) Superior University- Central Library Superior Information Resource Center (SIRC) Superior University- Central Library Dentistry 03/12/2024 617.6 KAB-E 2014 13409 03/12/2024 2 BOOK BOOK

Powered by Koha